00544nam a2200181Ia 450000500170000000800410001704000190005804100120007708200130008910000220010224501030012426000460022730000150027350400300028865000150031870000180033385000110035120240408112138.0131103s9999 xx 000 0 und d aLoreto College aEnglish a157bTHO aThomas, Alexander aTemperament and Behaviour Disorders in ChildrencAlexander Thomas, Stella Chess & Herbert G. Birch aNew YorkbNew York University Pressc1968 avii,309p.  aIncludes appendix & index aPsychology aChess, Stella aLCBED